The Only Letter XI Quiz Stats

Quiz Updated Nov 8, 2017

Also try: The Only Letter IX
Challenge
Share
Tweet
Embed
Score 0/26 Timer 01:30
4 Plays Today
% Correct
A
93%
B
92.5%
F
92.4%
U
92.3%
N
91.9%
E
90.6%
I
90.6%
L
90.5%
O
89.8%
R
89.2%
G
87.2%
D
85.8%
T
84%
% Correct
H
83.3%
S
82.3%
J
80.6%
P
80%
Y
77%
Z
75.8%
Q
75.8%
K
75.5%
C
74.7%
M
74.6%
X
72.7%
V
71.3%
W
63.4%

You're not logged in!

Compare scores with friends on all Sporcle quizzes.
Sign Up with Email
OR
Log In

You Might Also Like...

Show Comments

Extras

Top Quizzes Today


Score Distribution

Your Account Isn't Verified!

In order to create a playlist on Sporcle, you need to verify the email address you used during registration. Go to your Sporcle Settings to finish the process.